000 00246nam a2200097Ia 4500
001 1164396
005 20250827011720.0
008 250824s9999 xx 000 0 und d
245 0 _aÖLÜMDEN BETER
_cÇAĞATAY KÜPÇÜ
260 _bDESTEK YAYINLARI
999 _c1164396
_d1164396